| 000 | 00572nam a22001937a 4500 | ||
|---|---|---|---|
| 005 | 20250314171834.0 | ||
| 008 | 250314b |||||||| |||| 00| 0 eng d | ||
| 020 | _a9780176629847 | ||
| 050 |
_aHM586 _b.M94 MUR |
||
| 100 | _aMurray Jane Lothian | ||
| 245 |
_aSociology in our times _cJane Lothian Murray, Rick Linden & Diana Kendall |
||
| 250 | _a5th Ed. | ||
| 260 |
_aToronto _bNelson Education Ltd. _c2012 |
||
| 300 |
_axxix. 683p. _bill. (some col.) _c26 cm |
||
| 650 | _2Sociology | ||
| 700 | _aLinden Rick | ||
| 700 | _aKendall Diana | ||
| 942 |
_2lcc _cBK _e5th Ed. _n0 |
||
| 999 |
_c4811 _d4811 |
||